000 01946nam a2200517 i 4500
001 33264
003 KOSZ 005
005 20200821101043.0
008 980515s1998 pl a f f |001 0 pol
015 _aPB 1998/5395
020 _a8320421675
040 _aWA N
_cWA N
_dKOSZ 005/HR
041 1 _apol
_heng
046 _k1992
080 _a669.017
080 _a678.7.017
080 _a666.3/.7.017
080 _a(084.2)
080 _a(075.8)
100 1 _aAshby, Michael F.
_eAutor
245 0 0 _aDobór materiałów w projektowaniu inżynierskim /
_cMichael F. Ashby ; wyd. pol. pod red. Stefana Macieja Wojciechowskiego ; z ang. przeł. Jan Cwajna [et al.] ; dodatek do wyd. pol. napisali Andrzej Ciszewski, Tadeusz Radomski.
246 1 _iTyt. oryg.:
_aMaterials selection in mechanical design,
_f1992.
260 _aWarszawa :
_bWydawnictwa Naukowo-Techniczne,
_c1998.
300 _a430, [2] s. :
_bfot., rys., wykr. ;
_c25 cm.
336 _2rdacontent
_aTekst
_btxt
337 _2rdamedia
_aBez urządzenia pośredniczącego
_bn
338 _2rdacarrier
_aWolumin
_bnc
380 _aKsiążki
380 _aPublikacje dydaktyczne
385 _mPoziom nauczania
_aSzkoły wyższe
388 _a1901-2000
504 _aBibliogr. przy rozdz. - Indeks.
650 4 _aMateriałoznawstwo
650 4 _aProjektowanie
650 4 _aTworzywa konstrukcyjne
650 4 _aWykres
655 7 _aPodręczniki akademickie
658 _aInżynieria i technika
700 1 _aWojciechowski, Stefan Maciej
_d(1925-2010)
_eRedakcja
700 1 _aCwajna, Jan
_eTłumaczenie
700 1 _aRadomski, Tadeusz
_eAutor
700 1 _aCiszewski, Andrzej
_d(1932-1999)
_eAutor
710 2 _aWydawnictwa Naukowo-Techniczne
_4pbl.
856 _uhttp://koha.tu.koszalin.pl/cgi-bin/koha/opac-detail.pl?biblionumber=33264
_yKatalog online BPK
942 _2UKD
_cKS
999 _c33264
_d33264